02092nam a2200517 i 450000100060000000300080000600500170001400600190003100700150005000800410006502000180010602000270012403500230015103500240017403500250019803500220022304000310024505000210027608000150029708200170031224501150032926401050044430000410054933600310059033700330062133800430065449000440069758801230074159001640086465000590102865000230108765000210111065000260113165000340115765100480119165100550123965100140129465100200130865500270132870000310135570000450138679700190143183000450145085600620149599900170155761196FlNmELB20241217142142.0m o d | cr cnu||||||||180601s2016 mx o 000 0 spa d z9786075240565 a9781512950830 (e-book) a(MiAaPQ)EBC5349814 a(Au-PeEL)EBL5349814 a(CaPaEBR)ebr11545792 a(OCoLC)1105440188 aFINmELBbspaerdacFINmELB 4aHG540bE793 2016 a338.23(73)0 a332.497322303aEl Estado y la crisis global a debate /cRolando Cordera Campos, Ignacio Perrotini Hernández, coordinadores. 1aCiudad de México :bUniversidad Nacional Autónoma de México :bMiguel Ángel Porrúa,c2016. a1 recurso en línea (237 páginas) atextobtxt2rdacontent/spa acomputadorabc2rdamedia/spa arecurso en líneabcr2rdacarrier/spa1 aLas Ciencias Sociales. Tercera década aDescripción basada en recurso en línea; Título de la página del título en PDF (e-libro, visto June 1, 2018). aRecurso electrónico. Santa Fe, Arg.: e-libro, 2018. Disponible vía World Wide Web. El acceso puede estar limitado para las bibliotecas afiliadas a e-libro. 0aMonetary policyzUnited StatesxHistoryy21st century. 0aWelfare economics. 0aFinancezEurope. 4aPolítica monetaria. 4aAdministración de empresas. 0aMexicoxEconomic conditionsy21 st century. 0aUnited StatesxEconomic conditionsy21 st century. 4aMéxico. 4aEstados Unidos. 4aLibros electrónicos.1 aCordera, Rolando,eeditor.1 aPerrotini Hernández, Ignacio,eeditor.2 ae-libro, Corp. 0aLas Ciencias Sociales. Tercera década.40uhttps://elibro.net/ereader/politecnicointernacional/40089 c61196d61196